000 00584cam a2200181 a 4500
001 000005742
005 20200929151751.0
008 750911s1969 pr 001 0 spa d
040 _aDO-SdBNP
_cOU
_dDLC
_dBNPHU
082 _a972.95
_bF674p
100 1 _aFonfrías, Ernesto Juan,
_d1909-
_95310
245 1 0 _aPuerto Rico :
_buna historia larga en una resena corta.
260 _aSan Juan, Puerto Rico :
_bClub de la Prensa,
_c1969.
300 _a49 p. ;
_c22 cm.
504 _aBibliografía: p. [28]-29.
651 4 _aPuerto Rico
_xHistoria
_91079
910 _aCatalogación por copia / LC
999 _c5538
_d5538